00894nam a2200217Ia 4500008004100000020001700041040001400058082001800072100006000090245006800150260004100218300001500259365002600274366000800300505002200308530003000330620016500360630006800525650001500593730006800608100315s9999 xx 000 0 und d a0333346475  cENGLISH  b9458 a331  a"Robinson, Austin, Brahmananda, P.R., Deshpande, L.K. " aEmployment Policy in a Developing Country A Case-Study of India aLondon bMacmillan Press  c1983  a363-738   eRupees d1 b0.00  f0  gVaibhav Gaikwad  bDonated By RBI Library   a"Employment Policy in a Developing Country, India-Economic conditions, India-Economic policy, Labor policy-Developing countries, Labor policy-India, RBI Book " aEmployment Policy in a Developing Country A Case-Study of India aECONOMIC  aEmployment Policy in a Developing Country A Case-Study of India